00294nam a2200121Ia 4500008004100000041000800041082001400049100001900063245002600082260002800108300001900136999001700155241028s9999 xx 000 0 und d aeng a658.3 AUG aAguinis, Herma aPeformance Management bSage PubaChicagoc2019 a381;. P. 23 Cm c43115d43115